000 00270nam a2200109Ia 4500
008 220204s9999 xx 000 0 und d
082 _a912(084.3)(100)
_bPHI
245 0 _aPhilip's new world atlas
250 _aEd.3
260 _aLondon
_bGeorge Philip
_c1980
942 _cBK
999 _c36429
_d36429